|
|
|
|
| LEADER |
00000nab a2200000 a 4500 |
| 001 |
vtls010026788 |
| 003 |
SK-MaSNL |
| 005 |
20260318114318.0 |
| 008 |
230218c2009 xo br p 000 c0ukr |
| 015 |
|
|
|a SNBRB2009/12
|
| 038 |
|
|
|a SVKPOCL
|
| 040 |
|
|
|a SVKPOCL
|b slo
|c SVKPOCL
|e AACR2
|
| 041 |
0 |
|
|a ukr
|
| 044 |
|
|
|a xo
|c SK
|
| 080 |
|
|
|a 821.161.2-1
|2 2001
|
| 245 |
0 |
0 |
|a Ukrajina vydaje
|b do zbirky «Kryla voli» ... uvijšly najkrašči tvory ...
|c [avtor] (r)
|
| 300 |
|
|
|b Fotogr.
|
| 500 |
|
|
|a Kniha vyšla v Užhorod : Krajevydy Karpat, 2008
|
| 500 |
|
|
|a Obsahuje úryvok z básne
|
| 600 |
1 |
7 |
|a N'orba, Fedir
|t Kryla voli : poeziji
|x básnické zbierky
|x prezentácie
|2 svkpocl
|9 1628652
|
| 650 |
0 |
7 |
|a ukrajinská literatúra
|2 svkpocl
|9 1218
|
| 650 |
0 |
7 |
|a ukrajinská poézia
|2 svkpocl
|9 59029
|
| 651 |
|
7 |
|a Ukrajina
|2 svkpocl
|9 168045
|
| 655 |
|
7 |
|a básnické zbierky, ukrajinské
|2 svkpocl
|9 929975
|
| 773 |
0 |
|
|t Duklja
|g Rič. 57, No 4 (2009), s. 86-96 [94-95]
|
| 852 |
|
|
|a SVKPO
|b KIS3GCP
|
| 958 |
|
|
|a UK
|
| 958 |
|
|
|a LX
|
| 958 |
|
|
|a UA
|
| 958 |
|
|
|a SK
|
| 958 |
|
|
|a OND
|
| 958 |
|
|
|a EUIPO
|
| 999 |
|
|
|c 3361821
|d 3363751
|